[Event "Belgrade Trophy 18th"]
[Site "Obrenovac"]
[Date "2005.11.29"]
[Round "8"]
[White "Stojanac, Andrija"]
[Black "Grujic, Zoran"]
[Result "1/2-1/2"]
[WhiteElo "2063"]
[BlackElo "2365"]
[PlyCount "145"]
[EventDate "2005.11.22"]
[EventType "swiss"]
[EventRounds "9"]
[EventCountry "YUG"]
[SourceTitle "CBM 109 Extra"]
[Source "ChessBase"]
[SourceDate "2006.01.03"]
[SourceVersion "2"]
[SourceVersionDate "2006.01.03"]
[SourceQuality "1"]

1. e4 e6 2. d4 d5 3. Nc3 dxe4 4. Nxe4 Nf6 5. Nxf6+ Qxf6 6. Nf3 h6 7. Bd3 Bd6 8. 0-0 0-0 9. Be3 Nd7 10. Re1 c6 11. c3 b6 12. Be4 Bb7 13. b4 Rab8 14. a4 a6 15. Qe2 Rfe8 16. b5 cxb5 17. Bxb7 Rxb7 18. axb5 a5 19. Qd3 Rbb8 20. Rad1 Red8 21. Qe4 Rdc8 22. Bd2 Bf8 23. Re3 g6 24. Ne5 Nxe5 25. dxe5 Qf5 26. Kf1 Qxe4 27. Rxe4 Rb7 28. Ke2 Kg7 29. f4 Bc5 30. g4 Rd7 31. Be1 Rcd8 32. Rxd7 Rxd7 33. h4 h5 34. g5 Kf8 35. Rc4 Rd5 36. Bd2 Ke8 37. Ra4 Kd8 38. Ra2 Kc7 39. Rc2 Kb7 40. Bc1 Rd7 41. Ra2 Rd5 42. Ra4 Bg1 43. c4 Rd7 44. Ba3 Rd4 45. Bc1 Rd7 46. Ba3 Bd4 47. Bd6 Rd8 48. Kf3 Rc8 49. Ke4 Bf2 50. Kd3 Bxh4 51. Ke2 Bg3 52. Kf3 Be1 53. c5 bxc5 54. Ra1 Bb4 55. Rd1 Rd8 56. Ke4 Kb6 57. Bxc5+ Bxc5 58. Rxd8 Kxb5 59. Kd3 h4 60. Rh8 Bf2 61. Rh7 Bg3 62. Ke3 a4 63. Rxf7 a3 64. Kf3 Kb4 65. Rb7+ Kc3 66. f5 exf5 67. e6 Bd6 68. e7 Bxe7 69. Rxe7 a2 70. Rc7+ Kb2 71. Rb7+ Kc1 72. Ra7 Kb1 73. Rb7+ 1/2-1/2

[Event "Belgrade Trophy 18th"]
[Site "Obrenovac"]
[Date "2005.??.??"]
[Round "9"]
[White "Nesovanovic, Miroslav"]
[Black "Stojanac, Andrija"]
[Result "1-0"]
[WhiteElo "1962"]
[BlackElo "2063"]
[PlyCount "87"]
[EventDate "2005.11.22"]
[EventType "swiss"]
[EventRounds "9"]
[EventCountry "YUG"]
[SourceTitle "CBM 109 Extra"]
[Source "ChessBase"]
[SourceDate "2006.01.03"]
[SourceVersion "2"]
[SourceVersionDate "2006.01.03"]
[SourceQuality "1"]

1. e4 c5 2. Nf3 Nc6 3. d4 cxd4 4. Nxd4 d6 5. c4 Nf6 6. Nc3 Qa5 7. f3 e6 8. Be3 a6 9. Qd2 Bd7 10. Be2 Be7 11. Nb3 Qc7 12. g4 Ne5 13. Qd4 Rc8 14. Nd2 Nc6 15. Qd3 Nb4 16. Qb1 0-0 17. a3 Nc6 18. h4 Ne5 19. Qd1 Bc6 20. Rh3 Rfd8 21. f4 Ned7 22. g5 Ne8 23. h5 Nf8 24. Qb3 Qd7 25. Bb6 Nc7 26. Bg4 Re8 27. 0-0-0 Na8 28. Be3 b5 29. f5 bxc4 30. Qc2 Qc7 31. Nf3 Bd7 32. Bd4 Qd8 33. Qd2 d5 34. f6 gxf6 35. gxf6 Bxf6 36. e5 Bg7 37. Qf4 h6 38. Rg3 Qe7 39. Bh3 Kh7 40. Rdg1 Bh8 41. Be3 Ng6 42. hxg6+ fxg6 43. Qxh6+ Kg8 44. Rxg6+ 1-0

[Event "Belgrade Jezero op 10th"]
[Site "Belgrade"]
[Date "2004.08.25"]
[Round "9"]
[White "Ostojic, Nikola"]
[Black "Stojanac, Andrija"]
[Result "0-1"]
[WhiteElo "2431"]
[BlackElo "2059"]
[PlyCount "68"]
[EventDate "2004.08.17"]
[EventType "swiss"]
[EventRounds "9"]
[EventCountry "YUG"]
[SourceTitle "EXT 2005"]
[Source "ChessBase"]
[SourceDate "2004.11.15"]
[SourceVersion "1"]
[SourceVersionDate "2004.11.15"]
[SourceQuality "1"]

1. d4 Nf6 2. c4 e6 3. Nc3 d5 4. Bg5 Nbd7 5. e3 Be7 6. Nf3 0-0 7. cxd5 Nxd5 8. Bxe7 Qxe7 9. Nxd5 exd5 10. Bd3 g6 11. 0-0 c6 12. Qc2 f5 13. Rfe1 Qf6 14. b4 b6 15. a4 a5 16. b5 c5 17. dxc5 Nxc5 18. Rad1 Bb7 19. Bf1 Rac8 20. Qa2 Rf7 21. g3 Kg7 22. Nd4 Rfc7 23. Rc1 Ne4 24. Rxc7+ Rxc7 25. Qb2 Kf7 26. Rc1 Qd6 27. Kg2 Rxc1 28. Qxc1 Qc5 29. Qa1 Qc3 30. Qa2 Ke7 31. Be2 Kd6 32. h4 h5 33. Bf3 Nc5 34. Bd1 Bc8 0-1

[Event "Belgrade Jezero op 10th"]
[Site "Belgrade"]
[Date "2004.08.17"]
[Round "1"]
[White "Vasiljevic, Dragan"]
[Black "Stojanac, Andrija"]
[Result "1-0"]
[WhiteElo "2333"]
[BlackElo "2059"]
[PlyCount "89"]
[EventDate "2004.08.17"]
[EventType "swiss"]
[EventRounds "9"]
[EventCountry "YUG"]
[SourceTitle "EXT 2005"]
[Source "ChessBase"]
[SourceDate "2004.11.15"]
[SourceVersion "1"]
[SourceVersionDate "2004.11.15"]
[SourceQuality "1"]

1. d4 d5 2. Nf3 Nf6 3. e3 e6 4. Nbd2 c5 5. c3 b6 6. Ne5 Bd6 7. Bb5+ Bd7 8. Bd3 Qc7 9. f4 g6 10. 0-0 0-0 11. Qf3 Nc6 12. Qh3 Kg7 13. Ndf3 h6 14. Nd2 Ng8 15. Qg3 Nge7 16. Ndf3 f5 17. Bd2 c4 18. Bc2 Be8 19. Qh3 Bxe5 20. fxe5 Ng8 21. Rf2 g5 22. Qg3 Bg6 23. Ba4 a6 24. Raf1 b5 25. Bd1 Qe7 26. h3 a5 27. Bc1 Kh7 28. Bc2 Kg7 29. Nh2 Rf7 30. h4 gxh4 31. Qh3 Kf8 32. Nf3 Ke8 33. Nxh4 Bh7 34. e4 dxe4 35. Bxe4 Rc8 36. Bc2 Kd8 37. Nf3 Rg7 38. Bxh6 Nxh6 39. Qxh6 Kc7 40. Qf6 Qxf6 41. exf6 Rg6 42. d5 Nd8 43. Nd4 Rxf6 44. dxe6 Nxe6 45. Nxb5+ 1-0